| 000 | 00933nas a2200325 4500 | ||
|---|---|---|---|
| 001 | BR9607295 | ||
| 003 | BR-BrBNA | ||
| 005 | 20231205094939.0 | ||
| 007 | ta | ||
| 008 | 230509b bl.|||p| |||| 00| 00por d | ||
| 040 |
_aBR-BrBNA _bpor _cBiblioteca Nacional de Agricultura |
||
| 041 | _a(Pt) | ||
| 072 | _aL73; L70 | ||
| 100 | 1 | _aRepetti, E. | |
| 100 | 1 | _aMarques, A.F. | |
| 100 | 1 | _aGermani, M.H. | |
| 100 | 1 | _aManhoso, F.F.R. | |
| 100 | 1 | _aSoerensen, B. | |
| 100 | 1 | _aBraccialli, C.S. | |
| 100 | 1 | _aBarros, A.R. | |
| 100 | 1 | _aSouza, P.B. de | |
| 245 | 1 | _aPiometra canina: etiologia, aspecto radiologico e hematologico e orientacao terapeutica de vinte e cinco casos | |
| 650 | _aCao | ||
| 650 | _aEtiologia | ||
| 650 | _aVeterinaria | ||
| 650 | _aRadiografia | ||
| 773 | 0 |
_tUNIMAR Ciencias (Brazil) _x _g(1995), v. 4(2) p. 1-14 _wBR9607295 |
|
| 909 |
_a202311 _bLúcia _c55 _dLúcia Elande |
||
| 942 |
_2AGRIS _n0 _cANA |
||
| 999 |
_c147877 _d147877 |
||